<?xml version="1.0" encoding="UTF-8"?>
<record
    xmlns:xsi="http://www.w3.org/2001/XMLSchema-instance"
    xsi:schemaLocation="http://www.loc.gov/MARC21/slim http://www.loc.gov/standards/marcxml/schema/MARC21slim.xsd"
    xmlns="http://www.loc.gov/MARC21/slim">

  <leader>01166nam a22001697a 4500</leader>
  <controlfield tag="008">120625t        xxu||||| |||| 00| 0 eng d</controlfield>
  <datafield tag="020" ind1=" " ind2=" ">
    <subfield code="a">2090338625</subfield>
  </datafield>
  <datafield tag="050" ind1=" " ind2=" ">
    <subfield code="a">PC2129.E5 B38</subfield>
  </datafield>
  <datafield tag="100" ind1=" " ind2=" ">
    <subfield code="a">Boulares, Michele</subfield>
  </datafield>
  <datafield tag="245" ind1=" " ind2=" ">
    <subfield code="a">Grammaire progressive du francais. /</subfield>
    <subfield code="c">Michele, Boulares</subfield>
  </datafield>
  <datafield tag="260" ind1=" " ind2=" ">
    <subfield code="a">Paris:</subfield>
    <subfield code="b">CLE International,</subfield>
    <subfield code="c">1997.</subfield>
  </datafield>
  <datafield tag="300" ind1=" " ind2=" ">
    <subfield code="a">192 p.:</subfield>
    <subfield code="b">ill.;</subfield>
    <subfield code="c">25cm.</subfield>
  </datafield>
  <datafield tag="500" ind1=" " ind2=" ">
    <subfield code="a">Includes index.</subfield>
  </datafield>
  <datafield tag="505" ind1=" " ind2=" ">
    <subfield code="a">Contenu: L'article -- L'adjectif -- Les Negations particulieres -- Les Temps de l'indicatif -- Le subjonctif -- Le conditionnel  -- L'infinitif -- Le particicipe present -- le gerondif -- L'adjectif verbal -- La forme passive -- La forme pronominale -- La forme impersonnelle -- Le discours indirect -- L'adverbe -- Les prepositions -- Les pronoms relatifs -- Les pronoms personnels complements -- Les pronoms indefinis -- La situation dans le temps -- L' expression de la cause -- L'expression de la consequence -- L'expression de la comparaison -- L'expression de L'opposition et de la concession -- L'expression du but -- L'expression de la condition de l'hypothese -- La modalisation -- Annexes.</subfield>
  </datafield>
  <datafield tag="700" ind1=" " ind2=" ">
    <subfield code="a">Frerot, Jean - Louis</subfield>
  </datafield>
  <datafield tag="942" ind1=" " ind2=" ">
    <subfield code="2">lcc</subfield>
    <subfield code="c">BK</subfield>
  </datafield>
  <datafield tag="999" ind1=" " ind2=" ">
    <subfield code="c">1549</subfield>
    <subfield code="d">9049</subfield>
  </datafield>
  <datafield tag="952" ind1=" " ind2=" ">
    <subfield code="0">0</subfield>
    <subfield code="1">0</subfield>
    <subfield code="2">lcc</subfield>
    <subfield code="4">0</subfield>
    <subfield code="7">0</subfield>
    <subfield code="a">WIUC-1</subfield>
    <subfield code="b">WIUC-1</subfield>
    <subfield code="c">GEN</subfield>
    <subfield code="d">2012-06-25</subfield>
    <subfield code="l">0</subfield>
    <subfield code="o">PC2129.E5 B38</subfield>
    <subfield code="p">4264/12</subfield>
    <subfield code="r">2012-06-25 00:00:00</subfield>
    <subfield code="t">1</subfield>
    <subfield code="w">2012-06-25</subfield>
    <subfield code="y">BK</subfield>
  </datafield>
  <datafield tag="952" ind1=" " ind2=" ">
    <subfield code="0">0</subfield>
    <subfield code="1">0</subfield>
    <subfield code="2">lcc</subfield>
    <subfield code="4">0</subfield>
    <subfield code="7">0</subfield>
    <subfield code="a">WIUC-1</subfield>
    <subfield code="b">WIUC-1</subfield>
    <subfield code="c">GEN</subfield>
    <subfield code="d">2012-06-25</subfield>
    <subfield code="l">0</subfield>
    <subfield code="o">PC2129.E5 B381</subfield>
    <subfield code="p">4265/12</subfield>
    <subfield code="r">2012-06-25 00:00:00</subfield>
    <subfield code="t">2</subfield>
    <subfield code="w">2012-06-25</subfield>
    <subfield code="y">BK</subfield>
  </datafield>
</record>
